Fundación Pablo Iglesias : 1977-1987 1977-1987
Descripción Física:
153 p. . il. ; 24 cm
MARC
| LEADER | 00000nam a2200000Ia 4500 | ||
|---|---|---|---|
| 001 | 7625 | ||
| 003 | BGR | ||
| 005 | 20260324175257.0 | ||
| 008 | 160829s1987 xx 000 0 cat d | ||
| 080 | |a M-2-87 | ||
| 110 | 2 | |a Fundación Pablo Iglesias (Madrid) |9 70906 | |
| 245 | |a Fundación Pablo Iglesias : |b 1977-1987 | ||
| 260 | |a Madrid : |b Editorial Pablo Iglesias, |c 1987 | ||
| 300 | |a 153 p. . il. ; |c 24 cm | ||
| 650 | |a Fundación Pablo Iglesias (Madrid) |x Història |9 24565 | ||
| 901 | |a Arxiu | ||
| 942 | |n 1 |2 udc |c MON | ||
| 952 | |0 0 |1 0 |4 0 |6 M287 |7 1 |9 43210 |a Arxiu |b Arxiu |d 2016-12-01 |l 0 |o M-2-87 |p 7625 |r 2016-12-01 00:00:00 |w 2016-12-01 |y ARXIU | ||
| 999 | |c 45754 |d 45754 | ||